00817cam a22002653a 450000100090000000300040000900500170001300800410003001000170007102000150008803500230010303500190012604000180014504200140016305000280017708200200020510000220022524500780024726000480032530000270037365500250040065500310042570000330045671000620048914642002OSt20180116183021.0820623s1982 onc 000 0 eng d a 2006594161 a0553208985 a(OCoLC)ocm08543582 a(OCoLC)8543582 aSLCcSLCdDLC alccopycat00aCPB Box no. 2502 vol. 8 a813.54 PAY 19821 aPayne, Charlotte.10aLord of the River cCharlotte Payne ; based on a story by Charles O'Neal. aToronto ;aNew York :bBantam Books,c1982. a345, [12] p. ;c18 cm. 7aLove stories.2gsafd 7aHistorical fiction.2gsafd1 aO'Neal, Charles,d1904-1996.2 aCopyright Paperback Collection (Library of Congress)5DLC